000 00567nam a22001817a 4500
005 20251108165505.0
008 250721s1979 xx 000 0 ara d
082 1 4 _aم/915.661003/حمد
100 1 _aالجاسر، حمد
245 1 0 _aالمعجم الجغرافي للبلاد العربية السعودية /
264 1 _aالرياض :
_bدار اليمامه للبحث و الترجمه،
_c1979-1981.
300 _aج0
650 1 7 _aالسعودية
650 1 7 _aجغرافيا
650 1 7 _aالقواميس
942 _2ddc
_cREF
999 _c29144
_d29144